00406nam a2200145Ia 4500008004100000020001300041041000800054082001700062100002600079245006300105250000600168260004400174300000800218650003400226210716s1987 xx 000 0 und d a70991456 aeng a005.135 NEWL aNewcomer, Lawrence R. aTheory and problems of programming with structured cobol. a1 aNew YorkbSchaum's outline seriesc1987 a375 aProgramming Languages(005.13)